[Event "4NCL 2019-20"]
[Site "Daventry"]
[Date "2020.02.29"]
[Round "1"]
[White "McShane, Luke J"]
[Black "Kantans, Toms"]
[Result "1-0"]
[WhiteElo "2677"]
[BlackElo "2499"]
[Annotator "TA"]
[PlyCount "137"]
[EventDate "2020.01.11"]
[EventCountry "ENG"]
[SourceTitle "playchess.com"]
[Source "ChessBase"]
[SourceQuality "1"]

{[%evp 16,136,-8,-8,27,37,27,31,27,23,35,18,10,16,35,7,36,0,66,34,45,0,17,7,11,0,0,0,0,-20,0,0,0,0,8,-14,0,-42,0,6,63,46,50,39,107,110,104,16,11,0,71,-16,0,0,0,0,0,0,9,6,10,19,85,39,46,25,25,33,38,39,31,41,35,8,14,12,104,95,107,94,107,105,123,87,87,92,114,81,91,93,85,101,87,98,202,209,308,306,633,633,574,379,341,293,29979,29980,29984,520,6941,7102,5916,5714,5031,4960,1933,0,823,0,1164,703,29998,29999,29999]} 1. e4 c5 2. Nf3 e6 3. d3 Nc6 4. g3 d5 5. Qe2 Be7 6. Bg2 Nf6 7. O-O O-O 8. e5 Nd7 9. c4 b5 {C00: French: Unusual White 2nd moves.} 10. cxd5 exd5 11. Nc3 Nb6 {White is slightly better.} 12. Nxb5 a6 13. Na3 Bg4 14. Nc2 Qd7 15. Re1 {[#]} Rfe8 $146 ({Predecessor:} 15... Rae8 16. Bf4 d4 17. Na3 Nb4 18. Bd2 a5 19. Bxb4 axb4 20. Nb1 c4 21. dxc4 d3 {0-1 (45) Maiwald,J (2452)-Keymer,V (2413) Germany 2018}) 16. Qf1 Bd8 (16... a5 $11) 17. Bf4 Bc7 18. Rad1 Na4 19. Ne3 Be6 $1 ({Much worse is} 19... Nxb2 $6 20. Nxg4 Qxg4 21. Rb1 $16) 20. Rb1 h6 21. h4 Rab8 22. Re2 Nb4 {And now ...d4 would win.} 23. d4 c4 24. Ra1 Bb6 25. Rd2 Rec8 26. h5 Nd3 27. b3 $1 {[%cal Rb3a4]} Nab2 ({Reject} 27... Nxf4 $6 28. gxf4 Nc3 29. bxc4 $16) (27... Nc3 $1 $11) 28. Rb1 $14 Nxf4 29. gxf4 c3 (29... Nd3 $1 $14) 30. Rc2 $16 Bf5 {[#]} 31. Nxf5 (31. Rbc1 $1 $16) 31... Qxf5 $11 {[%mdl 64] Double Attack} 32. Qe2 Qxf4 {[#]} (32... Rc7 $11) 33. Qe3 (33. e6 $1 $16) 33... Qe4 34. Qxe4 dxe4 35. Nh4 Bxd4 36. Nf5 Rd8 37. Bxe4 {[#]} Nc4 $1 {[%mdl 512] ...Na3 is the strong threat.} 38. Re1 (38. bxc4 Rxb1+) 38... Nd2 (38... Nxe5 $11 {keeps the balance.} 39. Nxd4 Rxd4) 39. Ne7+ Kf8 $1 {[%cal Rf8e7]} 40. Nc6 $1 {[%csl LRb8,LRd8][%mdl 64] Double Attack} Rbc8 41. Nxd8 Rxd8 42. Kg2 Bxe5 43. Bc6 $36 {[%mdl 2048] White is more active.} Bd4 44. b4 g6 45. hxg6 Rd6 (45... fxg6 $11 46. a4 Rd6) 46. Re8+ $16 Kg7 47. gxf7 Kxf7 {White must now prevent ...Rg6+.} 48. Rc8 Ke7 49. a4 Rf6 50. f3 Rg6+ 51. Kh3 {aiming for Re8+.} Rg1 52. f4 Rb1 53. b5 axb5 54. axb5 Rb2 (54... Rb3 $16 {was necessary.} 55. Rc1 c2+ 56. Kh4 Rc3) 55. Rc1 $18 Kd6 (55... Nc4 $142 56. Rc7+ Ke6) 56. Be8 Nb3 $2 (56... Rb4 57. Rc6+ Kd5) 57. Re1 {White threatens Rc6+ and mate.} Na5 58. Rd1 Rd2 59. Bh5 Nb3 $2 (59... Rxd1 $18 60. Bxd1 Kd7 61. Bg4+ Kd6) 60. Rc6+ Ke7 61. b6 (61. Re1+ $142 Kd8 62. Bg4 Rd3+ 63. Kg2 Re3 64. Rxe3 Bxe3 65. Rxc3 Bxf4 66. Rxb3) 61... Na5 (61... Rxd1 $142 62. Bxd1 Na5) 62. Re1+ Kd7 63. Rxh6 Rd3+ 64. Kg2 Rd2+ 65. Kh3 (65. Kh1 $142 Bxb6 66. Bg4+ Kd8 67. Rxb6) 65... Rd3+ $1 66. Kg2 {Intending Bg4+ and mate.} Rd2+ $1 67. Kf3 {Threatening mate with Bg4+.} c2 68. Bg4+ Kd8 69. Rd6# {Accuracy: White = 68%, Black = 59%.} 1-0

[Event "4NCL 2019-20"]
[Site "Daventry"]
[Date "2020.02.29"]
[Round "1"]
[White "Howell, David W L"]
[Black "Kvetny, Mark"]
[Result "1-0"]
[WhiteElo "2665"]
[BlackElo "2420"]
[Annotator "TA"]
[PlyCount "79"]
[EventDate "2020.01.11"]
[EventCountry "ENG"]
[SourceTitle "playchess.com"]
[Source "ChessBase"]
[SourceQuality "1"]

{[%evp 9,79,22,24,12,19,0,0,0,0,0,1,9,37,38,42,40,39,39,39,36,38,45,76,45,64,56,57,61,71,63,80,70,74,57,47,47,68,70,198,212,188,183,246,246,246,246,246,246,246,246,246,243,216,244,231,116,113,0,231,218,230,230,566,548,524,518,489,366,29987,393,29988,29989]} 1. Nf3 d5 2. g3 Nf6 3. Bg2 c5 4. O-O g6 5. d4 cxd4 6. Nxd4 {A08: King's Indian Attack.} Bg7 7. Nc3 {[%cal Bb1c3,Bc3a4,Ba4c5][%mdl 32]} e5 8. Nb3 {The position is equal.} d4 9. Na4 O-O 10. c3 {[%cal Rc3d4] [#]} Qe8 $146 ({Predecessor:} 10... Nc6 11. cxd4 exd4 12. Bxc6 bxc6 13. Qxd4 Nd5 14. Qc4 Qe7 15. Nac5 a5 16. a4 Re8 {½-½ (59) Ramakrishna,J (2149)-Saravana,K (2350) Bhopal 2017}) 11. Nac5 Nc6 12. cxd4 exd4 13. Bg5 h6 14. Bxf6 Bxf6 15. Rc1 Bg5 16. Rc4 Bg4 17. Re1 (17. Nxd4 Nxd4 18. Qxd4 Bxe2 $17) 17... b5 18. Rxd4 ({Reject} 18. Nxd4 bxc4 19. Nxc6 Bh3 $1 $15 {[%mdl 512]}) 18... Nxd4 19. Qxd4 h5 20. Bxa8 Qxa8 21. Ne4 Rd8 22. Nf6+ Bxf6 23. Qxf6 Bxe2 (23... Qd5 $14) 24. Nd4 $18 Bc4 {[#]} 25. Nc6 $1 {[%cal Rc6d8]} Re8 {[#]} (25... Rd2 $142 26. b3 Be6 27. Rxe6 Rd1+ 28. Kg2 fxe6 29. Qxg6+ {[%mdl 64] Double Attack} Kf8 30. Qh6+ (30. Qxe6 Qb7 $16) 30... Kg8 31. Qxe6+ Kg7) 26. Ne7+ $1 Kh7 27. b3 Bd5 {intending ...Qc6.} 28. Re5 $40 {[%mdl 128] White attacks with force.} Rxe7 29. Rxe7 {aiming for Rd7.} Qc8 {( -> ...Qc1+)} 30. Rxf7+ Bxf7 31. Qxf7+ {[%mdl 4160] Endgame Double Attack. KQ-KQ} Kh6 32. Qf4+ ({Only move:} 32. Qxa7 $18 {h4 is the strong threat.} Qc1+ 33. Kg2) 32... Kh7 $16 33. Qf7+ (33. Qd6 $16) 33... Kh6 $18 34. Qxa7 Qc1+ 35. Kg2 Qc2 $2 (35... Qc6+ {is a better chance.} 36. Kf1 g5) 36. Qe3+ Kh7 37. Qe7+ Kh6 38. Qe8 Qxa2 $2 (38... g5 $18 39. h4 gxh4 40. gxh4 Qd1 41. Qc6+ Kg7) 39. Qh8+ Kg5 40. Qf8 {Accuracy: White = 86%, Black = 60%.} 1-0

[Event "4NCL 2019-20"]
[Site "Daventry"]
[Date "2020.02.29"]
[Round "1"]
[White "Lupulescu, Constantin"]
[Black "Williams, Simon K"]
[Result "1-0"]
[WhiteElo "2649"]
[BlackElo "2461"]
[Annotator "TA"]
[PlyCount "127"]
[EventDate "2020.01.11"]
[EventCountry "ENG"]
[SourceTitle "playchess.com"]
[Source "ChessBase"]
[SourceQuality "1"]

{[%evp 13,127,39,27,20,45,41,33,22,35,-12,-25,-21,-14,-35,17,18,8,13,21,18,27,24,50,-28,-25,-21,24,26,19,8,37,25,34,10,66,67,71,52,111,110,105,37,116,100,115,116,268,144,134,154,147,139,185,176,187,202,316,232,286,0,277,78,115,118,122,0,0,0,0,0,57,57,56,29,98,129,281,265,294,266,247,241,232,212,290,295,448,280,2357,2141,2236,2077,1832,1767,5724,5617,29984,29985,29985,29986,29986,29987,29987,29988,29989,0,29990,29991,29991,29992,29992,29993,29993,29994,29994,29995]} 1. e4 d6 2. d4 Nf6 3. Bd3 e5 4. c3 Nbd7 5. Nf3 g6 6. O-O Bg7 7. Re1 O-O 8. h3 {B07: Pirc Defence: Miscellaneous Systems.} b6 9. Bc2 $5 {[%mdl 4] Leaves trodden paths.} Bb7 10. a4 {[#] White is slightly better.} a5 $146 ({Predecessor:} 10... Re8 11. dxe5 Nxe5 12. Nxe5 Rxe5 13. Bf4 Re8 14. Nd2 a6 15. f3 Nh5 16. Be3 Be5 {0-1 (60) Voit,D (2320)-Reshetnikov,A (2469) Moscow 2010}) 11. Na3 exd4 12. cxd4 Re8 $1 {[%cal Rf6e4]} 13. Nd2 Nh5 (13... Nf8 $15) 14. Nb5 $11 Ndf6 15. Nc3 Nf4 16. Nf3 N6h5 17. Kh2 {[#]} f5 $1 {[%mdl 512]} 18. g3 (18. g4 $14 fxg4 19. hxg4) (18. exf5 Rxe1) 18... fxe4 19. Bxe4 Bxe4 (19... d5 {with more complications.} 20. Bf5 Rxe1 21. Qxe1 Qf8 22. Bg4 Re8) 20. Nxe4 Ne6 $1 21. Ra3 d5 22. Neg5 Nxg5 23. Bxg5 Qd7 (23... Rxe1 $11 24. Qxe1 Qd7) 24. Ne5 $14 Bxe5 25. dxe5 c5 (25... Ng7 $14) 26. g4 $36 {[%mdl 2048] White is really pushing.} Ng7 27. h4 ({White should play} 27. f4 $16) 27... Rf8 ({Black should try} 27... Ne6 $14) 28. f4 $16 d4 29. Rg3 Ra7 $2 {[#]} (29... Rab8 $16) 30. Bh6 ({White has to play} 30. e6 $1 $18 {[%cal Re6d7][%mdl 512]} Qc6 (30... Nxe6 31. Qb3) 31. Qe2 (31. e7 Re8 $18)) 30... Qe6 31. Qd2 Kh8 32. h5 $1 Rd7 33. Bg5 Ne8 34. b3 Rdf7 (34... Rg8 {is a better defense.} 35. hxg6 hxg6) 35. Rh3 Kg8 36. Rg3 Kh8 $1 37. Reg1 $2 (37. Kg1 $18 {is more deadly.}) 37... gxh5 38. Qe2 hxg4 39. Rxg4 (39. Qxg4 $16 Qxg4 40. Rxg4) 39... Rg7 40. Qd3 Rg6 41. Rh4 Qf5 ({Better is} 41... Kg8 $11) 42. Qxf5 $14 Rxf5 43. Bd8 {Strongly threatening Rxg6.} Rxg1 (43... Re6 $11) 44. Kxg1 $11 {[%mdl 4096] Endgame KRB-KRN. White now steadily converts the win.} Ng7 $2 (44... Rf7 $16 {was worth a try.}) 45. Bf6 $1 $18 {And now Rg4 would win.} ({And not} 45. Bxb6 Ne6 $11) 45... h5 46. Kf2 Kh7 {Black wants to play ...Ne6.} 47. Bxg7 $1 Kxg7 {KR-KR} 48. Kf3 $1 Kg6 49. Ke4 Rf8 (49... d3 $142) 50. Rh1 Rh8 $2 (50... d3) 51. f5+ Kf7 52. e6+ Kf6 53. Rg1 $1 {[%cal Rg1g6]} Rh6 54. Rg8 h4 55. Rf8+ Ke7 56. Rf7+ Ke8 57. Ke5 h3 58. Rb7 h2 59. Rb8+ Ke7 {[#]} 60. f6+ $1 {[%mdl 512] White mates.} Rxf6 61. Rb7+ Kd8 {[#]} 62. e7+ $1 Kc8 {[#]} 63. Ra7 $1 {[%cal Re7e8]} Kb8 64. Rd7 {Accuracy: White = 76%, Black = 43%.} 1-0

[Event "4NCL 2019-20"]
[Site "Daventry"]
[Date "2020.02.29"]
[Round "1"]
[White "Parligras, Mircea-Emilian"]
[Black "Fodor, Tamas Jr."]
[Result "1/2-1/2"]
[WhiteElo "2600"]
[BlackElo "2518"]
[Annotator "TA"]
[PlyCount "51"]
[EventDate "2020.01.11"]
[EventCountry "ENG"]
[SourceTitle "playchess.com"]
[Source "ChessBase"]
[SourceQuality "1"]

{[%evp 16,51,29,27,38,27,26,31,19,18,45,26,26,16,21,0,0,0,0,0,0,0,52,0,40,28,46,26,35,23,32,41,36,0,0,2,5,0]} 1. d4 e6 2. Nf3 f5 3. g3 Nf6 4. Bg2 d5 5. O-O Bd6 6. c4 O-O 7. Nc3 c6 8. Qc2 Ne4 9. Rb1 a5 {A90: Dutch Defence: Miscellaneous and Modern Stonewall (with ...Bd6).} 10. a3 Nd7 11. b4 axb4 {White is slightly better.} 12. axb4 Qf6 {[#]} 13. cxd5 $146 ({Predecessor:} 13. b5 h6 14. e3 Re8 15. Bb2 Nxc3 16. Bxc3 Nf8 17. c5 Bb8 18. b6 Ng6 19. Ra1 Rxa1 20. Rxa1 {½-½ (27) Hutschenreiter,J (2030)-Kulke,T (2134) Germany 2012}) 13... cxd5 14. Nb5 Bb8 15. Bf4 Bxf4 16. gxf4 Nb6 17. Ne5 {[#] Black must now prevent f3.} Qd8 18. f3 Nf6 ({Black should try} 18... Bd7 $11) 19. Rfc1 (19. Nc7 $1 $14) 19... Bd7 (19... Nc4 $5) 20. Nd6 Qb8 21. Qc7 Nc4 $1 22. Qxb8 Rfxb8 23. Ndxc4 dxc4 24. Rxc4 Bb5 25. Rc2 Rc8 26. Rbc1 {Accuracy: White = 82%, Black = 77%.} 1/2-1/2

[Event "4NCL 2019-20"]
[Site "Daventry"]
[Date "2020.02.29"]
[Round "1"]
[White "Pert, Nicholas"]
[Black "Melaugh, Shane"]
[Result "1/2-1/2"]
[WhiteElo "2558"]
[BlackElo "2180"]
[Annotator "TA"]
[PlyCount "148"]
[EventDate "2020.01.11"]
[EventCountry "ENG"]
[SourceTitle "playchess.com"]
[Source "ChessBase"]
[SourceQuality "1"]

{[%evp 13,148,41,55,43,58,57,44,44,56,50,38,52,58,32,63,51,135,120,175,101,91,104,89,79,171,160,180,164,175,185,304,291,302,304,304,289,281,288,281,292,304,304,297,296,387,217,232,226,267,232,219,219,256,256,225,218,210,148,148,148,148,147,163,162,162,162,162,162,153,153,153,124,254,254,396,388,400,392,382,375,352,302,355,69,254,0,272,243,227,219,219,219,328,328,402,402,1039,1015,1013,1013,883,750,416,390,368,372,358,358,344,344,344,202,202,207,552,149,149,149,149,149,149,149,149,149,149,99,99,0,149,99,149,99,149,99,99,0,141]} 1. d4 e6 2. c4 f5 3. g3 Nf6 4. Bg2 Be7 5. Nf3 O-O 6. O-O d6 7. Nc3 Ne4 8. Nxe4 {A96: Classical Dutch: Fluid Systems: Early deviations.} fxe4 9. Nd2 d5 10. f3 {White is slightly better.} Nc6 11. fxe4 Rxf1+ 12. Kxf1 {[%cal Rc4d5]} dxc4 13. Nf3 Bd7 14. Be3 Be8 {[#]} ({Black should try} 14... Qe8 $14) 15. Bh3 $146 ({Predecessor:} 15. Rc1 b5 16. b3 Na5 17. Bh3 Bf7 18. Ne5 Ba3 19. Rb1 c5 20. dxc5 Qf6+ 21. Nf3 {1-0 (32) Von Bahr,O (2298)-Trygstad,K (2228) Stockholm 2014}) 15... Bf7 (15... Qd6 $16 {keeps fighting.}) 16. Qc1 (16. Qa4 $18) 16... b5 17. b3 Na5 18. Rb1 a6 (18... cxb3 $16 19. axb3 c5) 19. Ne5 $18 cxb3 20. Nxf7 Kxf7 21. axb3 Qd6 (21... c5 $142) 22. e5 Qd7 {[#]} 23. d5 $1 {[%mdl 512]} Qxd5 24. Bg2 Qd8 25. Bxa8 Qxa8 26. Qxc7 Qe4 27. Rd1 Qxe3 28. Rd7 Qg5 {intending ...Qf5+.} 29. Qxa5 (29. Rd3 $142) 29... Qxe5 {[%mdl 4096] Endgame KQR-KQB} 30. Qc7 ({Don't take} 30. Qxa6 $6 Qf5+ 31. Kg2 Qe4+ 32. Kf2 Qf5+ 33. Kg2 Qe4+ 34. Kf2 Qf5+ 35. Ke1 Qb1+ 36. Kd2 (36. Kf2 Qf5+ $11) 36... Qb2+ 37. Ke3 Qe5+ 38. Kd3 Qf5+ 39. Kd2 Kg6) 30... Qf6+ 31. Qf4 Qxf4+ 32. gxf4 {KR-KB} Kf6 33. Ra7 Bd6 34. Rxa6 Bxf4 35. Kg2 b4 36. Rb6 Bd2 37. Kf3 h5 38. Rb5 g6 39. Ke4 Bc3 40. h3 Be1 41. Rb8 Bc3 42. Rf8+ Ke7 (42... Kg5 $16 43. Rg8 Kf6) 43. Rf1 Bf6 (43... g5 $142 44. Rd1 Kf6) 44. Kd3 $1 Bc3 45. Kc4 Bd2 46. e4 Bc3 47. Kc5 g5 48. Rf3 $2 ({Better is} 48. Kc4 $18) 48... Be1 $2 (48... Be5 $1 $14) 49. Rf1 Bc3 50. Rf2 Be1 51. Rf3 $1 Bc3 52. Rf1 $1 Bd2 (52... g4 {was called for.} 53. hxg4 hxg4) 53. e5 $1 Be3+ 54. Kc4 g4 (54... h4 $142 55. Kxb4 Bf4) 55. hxg4 hxg4 56. Kd3 Bc5 57. Rc1 Bb6 58. Ke4 g3 {Strongly threatening ...g2.} 59. Kf3 Bd4 {[#]} 60. Re1 $1 ({Less strong is} 60. Kxg3 Bc3 $16) 60... Bf2 61. Re4 Kd7 62. Rc4 (62. Rxb4 $142 {And now Rg4 would win.} Kc6 63. Rg4) 62... Be1 63. Rd4+ Ke7 $2 {[#]} (63... Kc6 64. Rd6+ Kc5 65. Rxe6 Kd5) 64. Re4 $1 {[%cal Re4e1]} Bc3 65. Kxg3 Kd7 66. Kf3 Kc6 67. Ke3 Kc5 68. Ke2 Kc6 69. Kf2 Kd5 70. Ke3 Kc5 $1 71. Kf4 Bd2+ 72. Kg4 {Hoping for Re2.} Kd5 73. Kf3 Bc3 74. Ke3 Kc5 $1 {Black escapes into a draw. Accuracy: White = 77%, Black = 57%.} 1/2-1/2

[Event "4NCL 2019-20"]
[Site "Daventry"]
[Date "2020.02.29"]
[Round "1"]
[White "Cyborowski, Lukasz"]
[Black "Arkell, Keith C"]
[Result "1-0"]
[WhiteElo "2505"]
[BlackElo "2460"]
[Annotator "TA"]
[PlyCount "77"]
[EventDate "2020.01.11"]
[EventCountry "ENG"]
[SourceTitle "playchess.com"]
[Source "ChessBase"]
[SourceQuality "1"]

{[%evp 17,77,38,34,35,46,51,62,53,63,62,67,81,87,80,143,135,185,197,190,190,196,190,206,192,218,204,201,185,275,275,275,275,275,275,268,219,268,237,268,266,258,258,315,314,332,318,315,262,479,464,1337,1251,1295,677,29983,29984,29984,29985,29985,29986,29986,29984]} 1. Nf3 d5 2. d4 Nf6 3. c4 c6 4. Nc3 g6 5. cxd5 cxd5 6. Bf4 Nc6 7. e3 Bg7 8. h3 O-O 9. Be2 $1 {[%mdl 4] outshines the older 9.Bd3.} Ne4 10. Rc1 {D90: Grünfeld: 4 Nf3 Bg7 sidelines.} Nxc3 11. Rxc3 e6 12. O-O {[#] White is slightly better.} Bd7 $146 ({Predecessor:} 12... Qe7 13. Ne5 Bd7 14. Nxd7 Qxd7 15. Bb5 Rfc8 16. Qa4 a6 17. Bxc6 Rxc6 18. Rxc6 Qxc6 19. Qxc6 bxc6 {½-½ (30) Cramling,P (2444)-Arkell,K (2424) Dundee 2017}) 13. Qb3 Na5 14. Qb4 {aiming for Bc7.} Bc6 15. Ne5 Qb6 (15... Bxe5 $142 16. Bxe5 Nc4) 16. Nxc6 bxc6 17. Qxb6 axb6 {[#]} 18. b4 $1 {[%cal Rb4a5]} Nc4 19. Bxc4 dxc4 20. Rxc4 e5 21. Bxe5 Bxe5 22. dxe5 $18 {[%mdl 4096] Endgame KRR-KRR} c5 (22... Rxa2 $142 23. Rxc6 Re8 24. Rxb6 Rxe5) 23. bxc5 bxc5 24. Rxc5 Rxa2 25. Rfc1 Kg7 26. Rc8 Ra5 27. R1c5 Ra1+ {[#]} 28. Kh2 $1 Rxc8 29. Rxc8 {KR-KR} g5 30. Rc7 Kg6 31. Rc6+ Kg7 32. e6 f6 $2 (32... fxe6 {was called for.} 33. Rxe6 Ra5) 33. f4 Ra3 (33... gxf4 $142 34. exf4 f5) 34. f5 Rxe3 35. Rc7+ Kh6 36. Rf7 {White mates.} g4 37. h4 g3+ 38. Kh3 Re4 39. Kxg3 {Black got outplayed after the opening. Accuracy: White = 96%, Black = 43%.} 1-0

[Event "4NCL 2019-20"]
[Site "Daventry"]
[Date "2020.02.29"]
[Round "1"]
[White "Gordon, Stephen J"]
[Black "Schneider, Dmitry"]
[Result "1-0"]
[WhiteElo "2504"]
[BlackElo "2475"]
[Annotator "TA"]
[PlyCount "71"]
[EventDate "2020.01.11"]
[EventCountry "ENG"]
[SourceTitle "playchess.com"]
[Source "ChessBase"]
[SourceQuality "1"]

{[%evp 14,71,45,43,46,48,51,35,37,34,94,57,98,101,103,100,150,99,104,108,173,173,164,52,226,221,208,204,237,229,245,227,222,248,281,284,279,266,308,309,306,299,454,458,455,454,487,484,488,479,468,444,676,671,664,664,661,647,616,546]} 1. c4 e6 2. g3 d5 3. Bg2 Nf6 4. Nf3 c5 5. O-O Nc6 6. d4 Be7 7. dxc5 Bxc5 8. a3 a6 {E06: Closed Catalan: Early deviations.} 9. b4 Ba7 10. Bb2 O-O {White is slightly better.} 11. Nbd2 Re8 (11... Bd7 $14) 12. e3 {[#]} b5 $146 ({Predecessor:} 12... Bd7 13. Qb3 Qe7 14. Rac1 Rad8 15. h3 Bc8 16. Ne5 Nxe5 17. Bxe5 d4 18. c5 dxe3 19. Qxe3 {1-0 (37) Piorun,K (2609)-Breutigam,M (2380) Berlin 2015}) 13. cxd5 exd5 14. Rc1 Qd6 15. Nb3 (15. Ng5 $142) 15... Ne4 $16 16. Nfd4 Nd8 (16... Nxd4 $16 17. Bxd4 (17. Nxd4 Bd7 $16) 17... Bf5) 17. Rxc8 $18 Rxc8 {[#]} 18. Qg4 (18. Nf5 $1 $18 {[%cal Rf5d6]} Qe6 19. Bxe4 (19. Nxg7 Nxf2 20. Qd2 Bxe3 $11) 19... Qxe4 20. Nd6 (20. Nxg7 Re6 $16)) 18... Rc3 $2 {This costs Black the game.} ({Black should try} 18... Bxd4 $1 $14 19. Nxd4 Rc4) 19. Bxc3 Nxc3 20. Rc1 Ne4 {[#]} 21. Bxe4 $1 $40 {[%mdl 128] White is out for blood.} Rxe4 {[#]} 22. Qxg7+ $1 {[%mdl 576] Decoy} Kxg7 23. Nf5+ {[%mdl 64] Double Attack} Kf6 24. Nxd6 Re6 25. Nc8 Bb8 26. Nd4 Re8 27. Nb6 Ba7 (27... Ne6 $142 28. Nd7+ Ke7) 28. Nxd5+ {White is clearly winning.} Ke5 29. Nc7 Re7 30. Nc6+ Nxc6 31. Rxc6 {KRB-KRN} Rd7 32. Nxa6 Rd3 (32... Kd5 $142 33. Rh6 f5) 33. Nc7 Rxa3 34. Nxb5 Ra1+ 35. Kg2 Kd5 36. Nxa7 {Accuracy: White = 79%, Black = 45%.} 1-0

[Event "4NCL 2019-20"]
[Site "Daventry"]
[Date "2020.02.29"]
[Round "1"]
[White "Beerdsen, Thomas"]
[Black "Erdos, Viktor"]
[Result "1/2-1/2"]
[WhiteElo "2497"]
[BlackElo "2621"]
[Annotator "TA"]
[PlyCount "43"]
[EventDate "2020.01.11"]
[EventCountry "ENG"]
[SourceTitle "playchess.com"]
[Source "ChessBase"]
[SourceQuality "1"]

{[%evp 22,30,52,54,48,36,32,24,39,29,32]} 1. e4 c5 2. Nf3 d6 3. d4 Nf6 4. Nc3 cxd4 5. Nxd4 e5 6. Bb5+ Nbd7 7. Nf5 a6 8. Bxd7+ Qxd7 9. Bg5 Nxe4 10. Nxg7+ Bxg7 11. Nxe4 O-O 12. Qxd6 f6 {B56: Classical Sicilian: Unusual Lines.} 13. Be3 Qg4 $1 {[%cal Rg4e4]} 14. Nc3 Bf5 {[#] aiming for ...Rad8.} 15. O-O Bxc2 {[#] White took control after the opening.} {Predecessor:} 16. Rac1 $146 Rad8 17. Qb6 Qg6 18. Qxb7 Kh8 19. f3 Bd3 20. Rf2 f5 21. Rd2 Qe6 22. Na4 {1-0 (62) Ferreira,J (2340)-Baroin,B (2209) ICCF email 2017} 1/2-1/2

[Event "4NCL 2019-20"]
[Site "Daventry"]
[Date "2020.02.29"]
[Round "1"]
[White "Galyas, Miklos"]
[Black "Kirk, Ezra"]
[Result "0-1"]
[WhiteElo "2469"]
[BlackElo "2430"]
[Annotator "TA"]
[PlyCount "124"]
[EventDate "2020.01.11"]
[EventCountry "ENG"]
[SourceTitle "playchess.com"]
[Source "ChessBase"]
[SourceQuality "1"]

{[%evp 19,124,31,37,8,26,8,13,18,12,12,27,-8,0,0,0,0,0,0,0,0,0,0,25,7,1,0,0,-32,-25,-87,-86,-80,-86,-110,-104,-110,-105,-110,-95,-129,-135,-135,-135,-135,-135,-135,-136,-168,-168,-168,-145,-224,-196,-404,-85,-85,0,0,0,-12831,-12832,-12832,-12833,-12826,-12828,-2288,-2002,-1864,-1811,-1697,-1199,-12833,-12833,-12835,-12835,-12834,-12833,-12833,-12831,-12833,-12834,-12834,-12835,-12835,-12835,-12836,-12836,-12836,-12836,-12837,-12837,-12837,-12838,-12840,-12840,-12841,-12841,-12841,-12842,-12843,-12843,-12847,-12847,-12848,-12848,-12849,-12849]} 1. c4 Nf6 2. Nf3 e6 3. g3 a6 4. Bg2 b5 5. b3 Bb7 6. O-O c5 7. Nc3 b4 8. Na4 Be7 9. Bb2 d6 10. d4 cxd4 11. Nxd4 {A13: English Opening: 1...e6.} Qc7 {[#]} 12. Qd3 $146 ({Predecessor:} 12. e3 Nbd7 13. a3 Bxg2 14. Kxg2 bxa3 15. Bxa3 O-O 16. Nc3 Rfb8 17. Qc2 Bf8 18. Rfb1 Rb6 {0-1 (26) Soyer,J (2054)-Berescu,A (2465) Vaujany 2011}) 12... Nbd7 13. Bxb7 {The position is equal.} Qxb7 14. Qf3 Ne4 15. a3 Ne5 16. Qg2 {Threatens to win with axb4.} bxa3 17. Bxa3 Rb8 18. Rad1 h5 19. f3 Nc5 $36 {[%mdl 2048] Black has some pressure.} 20. f4 Qxg2+ 21. Kxg2 Nxc4 22. bxc4 Nxa4 23. Nf3 (23. f5 $5 {[%cal Rf5e6]}) 23... Rb6 24. Rb1 (24. Rd3 $11 {keeps the balance.}) 24... O-O 25. e4 Re8 26. e5 dxe5 {[%mdl 64] Discovered Attack} 27. Bxe7 Rxe7 28. Nxe5 Rc7 29. Rxb6 Nxb6 30. Ra1 Nxc4 31. Nxc4 Rxc4 32. Rxa6 $17 {[%mdl 4096] Endgame KR-KR} Rc2+ 33. Kg1 {[#]} h4 $1 {[%mdl 512]} 34. Ra8+ (34. gxh4 Rc4) 34... Kh7 35. Ra5 (35. Ra7 $17) 35... g6 $1 $19 36. Rg5 $2 (36. Ra4) 36... f5 $2 (36... hxg3 $19 {has better winning chances.} 37. Rxg3 Kg7) 37. gxh4 $17 Rc4 (37... Kh6 $1 $17 38. Rg2 Rc4) 38. h5 $11 Rxf4 {aiming for ...Rg4+.} 39. hxg6+ $2 {[%mdl 8192] White is on the road to losing.} (39. Rxg6 $11 e5 40. Kg2) 39... Kg7 $19 {Black is clearly winning.} 40. Kg2 Rh4 41. Rg3 Rh6 42. Ra3 Rxg6+ 43. Kf3 Kf6 44. Ra4 Rg1 45. h4 Rb1 46. Rc4 Rb3+ 47. Kf2 Rb6 48. Rc8 Rb4 49. Kg3 Rb3+ 50. Kg2 f4 51. Rf8+ Ke5 52. h5 Rg3+ 53. Kf2 Rh3 54. Rh8 Ke4 55. h6 e5 56. h7 Rh6 57. Kg2 Rg6+ 58. Kf1 {[#]} Rg7 $1 59. Kf2 Ra7 60. Kg2 Ke3 61. Re8 f3+ 62. Kg1 {[#]} f2+ $1 {Accuracy: White = 70%, Black = 89%.} 0-1